Consultation on proposals for amendments to waste management licensing exemptions relating to hazardous waste (Record no. 104650)
[ view plain ]
| 000 -LEADER | |
|---|---|
| fixed length control field | 01655cam a2200241 4500 |
| 001 - CONTROL NUMBER | |
| control field | ##L131152 |
| 008 - FIXED-LENGTH DATA ELEMENTS--GENERAL INFORMATION | |
| fixed length control field | 051004n2005 000 0 eng u |
| 035 ## - SYSTEM CONTROL NUMBER | |
| System control number | (Sirsi) u131152 |
| 041 0# - LANGUAGE CODE | |
| Language code of text/sound track or separate title | eng |
| 050 04 - LIBRARY OF CONGRESS CALL NUMBER | |
| Classification number | 614.83 $2 18 |
| 110 1# - MAIN ENTRY--CORPORATE NAME | |
| Corporate name or jurisdiction name as entry element | United Kingdom |
| Subordinate unit | Department for Environment, Food and Rural Affairs |
| 245 00 - TITLE STATEMENT | |
| Title | Consultation on proposals for amendments to waste management licensing exemptions relating to hazardous waste |
| 260 ## - PUBLICATION, DISTRIBUTION, ETC. | |
| Place of publication, distribution, etc. | London |
| Name of publisher, distributor, etc. | DEFRA |
| Date of publication, distribution, etc. | 2005 |
| 520 ## - SUMMARY, ETC. | |
| Summary, etc. | Seeks comments on the proposed changes to the existing waste management licensing exemptions relating to hazardous waste in England and Wales. On 12 October 2004 the European Court of Justice declared against the United Kingdom for failure to fulfil its obligations under the hazardous waste directive (Directive 91/689/EEC). The consultation proposes changes that fully meet the requirements of the directive and together with the Hazardous Waste (England and Wales) Regulations 2005 and the Hazardous Waste (Wales) Regulations 2005 that will complete the full transposition of the directive in England and Wales. Responses are required by 16 December 2005. |
| 520 ## - SUMMARY, ETC. | |
| Summary, etc. | Item not found when searched for on DEFRA website 12/9/2011 |
| 590 ## - LOCAL NOTE (RLIN) | |
| Local note | IKA111005 |
| 650 24 - SUBJECT ADDED ENTRY--TOPICAL TERM | |
| Topical term or geographic name entry element | HAZARDOUS WASTE (ENGLAND AND WALES) REGULATIONS 2005 |
| 650 24 - SUBJECT ADDED ENTRY--TOPICAL TERM | |
| Topical term or geographic name entry element | HAZARDOUS WASTE (WALES) REGULATIONS 2005 |
| 650 24 - SUBJECT ADDED ENTRY--TOPICAL TERM | |
| Topical term or geographic name entry element | DIRECTIVE 91/689/EEC |
| 690 ## - LOCAL SUBJECT ADDED ENTRY--TOPICAL TERM (OCLC, RLIN) | |
| Topical term or geographic name as entry element | ENVIRONMENTAL AND LAND CONSULTANCY-WASTE MANAGEMENT-HAZARDOUS WASTE TREATMENT |
| 856 40 - ELECTRONIC LOCATION AND ACCESS | |
| Uniform Resource Identifier | <a href="https://www.defra.gov.uk/corporate/consult/hazwaste/index.htm ">https://www.defra.gov.uk/corporate/consult/hazwaste/index.htm </a> |
| Public note | View the consultation paper free of charge at www.defra.gov.uk.. |
| 942 ## - ADDED ENTRY ELEMENTS (KOHA) | |
| Suppress in OPAC | 0 |
| Withdrawn status | Lost status | Source of classification or shelving scheme | Damaged status | Not for loan | Home library | Current library | Shelving location | Date acquired | Total Checkouts | Full call number | Barcode | Date last seen | Copy number | Price effective from | Koha item type |
|---|---|---|---|---|---|---|---|---|---|---|---|---|---|---|---|
| Dewey Decimal Classification | Virtual | Virtual | Online | 04/10/2005 | ONLINE PUBLICATION | 131152-2001 | 06/08/2019 | 1 | 06/08/2019 | Book |